| 000 | 01270cam a2200301 4500 | ||
|---|---|---|---|
| 001 | J128076 | ||
| 008 | 000000n2004 000 0 eng u | ||
| 035 | _a(Sirsi) u128076 | ||
| 041 | _aeng | ||
| 050 |
_a306 _h18 |
||
| 110 |
_aChartered Institute of Housing _92394 |
||
| 245 |
_aGood practice briefing _binnovation in resident involvement - a dissemination of the Innovation into Action Programme - issue 27 January 2004 |
||
| 260 |
_aCoventry _hChartered Institute of Housing _c2004 |
||
| 300 |
_a15p. _c30cm. |
||
| 350 | _a10 | ||
| 490 |
_aCIH Good Practice Briefing _v27 |
||
| 505 | _aTenant involvement - the policy context | ||
| 505 | _aTenant involvement - the national context | ||
| 505 | _aThe Innovation in Action grant programme | ||
| 505 | _aSuccessful Innovation in Action projects | ||
| 505 | _aFunding sources | ||
| 520 | _aInnovation into Action (IiA) is a grant programme that funds projects to develop new ways to involve residents in managing their housing. This Briefing introduces the IiA programme, highlights case studies and looks at the lessons learned in developing the projects. | ||
| 650 | _aTENANT PARTICIPATION | ||
| 650 | _aSOCIAL HOUSING | ||
| 650 | _aREGISTERED SOCIAL LANDLORDS | ||
| 690 | _aHOUSING | ||
| 942 | _n0 | ||
| 999 |
_c103867 _d103867 |
||